{"text_format":"3","workbook":"xlsx","n_sheets":5,"sheets":["表-04 单位工程招标控制价汇总表","表-08 分部分项工程和单价措施项目清单与计价表","表-05 主要材料及价差汇总表","表-11 总价措施项目清单与计价表","表-13 规费、税金项目清单与计价表"],"read":"whole","date_system":"1900"}

{"sheet":"表-04 单位工程招标控制价汇总表","index":0,"n_rows":70,"n_cols":7,"rows_kept":70,"merged":[[0,0,0,4],[0,5,0,6],[1,0,1,6],[2,0,2,1],[2,2,2,4],[2,5,2,6],[3,1,3,3],[3,4,3,5],[4,1,4,3],[4,4,4,5],[5,1,5,3],[5,4,5,5],[6,1,6,3],[6,4,6,5],[7,1,7,3],[7,4,7,5],[8,1,8,3],[8,4,8,5],[9,1,9,3],[9,4,9,5],[10,1,10,3],[10,4,10,5],[11,1,11,3],[11,4,11,5],[12,1,12,3],[12,4,12,5],[13,1,13,3],[13,4,13,5],[14,1,14,3],[14,4,14,5],[15,1,15,3],[15,4,15,5],[16,1,16,3],[16,4,16,5],[17,1,17,3],[17,4,17,5],[18,1,18,3],[18,4,18,5],[19,1,19,3],[19,4,19,5],[20,1,20,3],[20,4,20,5],[21,1,21,3],[21,4,21,5],[22,1,22,3],[22,4,22,5],[23,1,23,3],[23,4,23,5],[24,1,24,3],[24,4,24,5],[25,1,25,3],[25,4,25,5],[26,1,26,3],[26,4,26,5],[27,1,27,3],[27,4,27,5],[28,1,28,3],[28,4,28,5],[29,1,29,3],[29,4,29,5],[30,1,30,3],[30,4,30,5],[31,1,31,3],[31,4,31,5],[32,1,32,3],[32,4,32,5],[33,0,33,6],[34,0,34,1],[34,3,34,4],[34,5,34,6],[35,0,35,4],[35,5,35,6],[36,0,36,6],[37,0,37,1],[37,2,37,4],[37,5,37,6],[38,1,38,3],[38,4,38,5],[39,1,39,3],[39,4,39,5],[40,1,40,3],[40,4,40,5],[41,1,41,3],[41,4,41,5],[42,1,42,3],[42,4,42,5],[43,1,43,3],[43,4,43,5],[44,1,44,3],[44,4,44,5],[45,1,45,3],[45,4,45,5],[46,1,46,3],[46,4,46,5],[47,1,47,3],[47,4,47,5],[48,1,48,3],[48,4,48,5],[49,1,49,3],[49,4,49,5],[50,1,50,3],[50,4,50,5],[51,1,51,3],[51,4,51,5],[52,1,52,3],[52,4,52,5],[53,1,53,3],[53,4,53,5],[54,1,54,3],[54,4,54,5],[55,1,55,3],[55,4,55,5],[56,1,56,3],[56,4,56,5],[57,1,57,3],[57,4,57,5],[58,1,58,3],[58,4,58,5],[59,1,59,3],[59,4,59,5],[60,1,60,3],[60,4,60,5],[61,1,61,3],[61,4,61,5],[62,1,62,3],[62,4,62,5],[63,1,63,3],[63,4,63,5],[64,1,64,3],[64,4,64,5],[65,1,65,3],[65,4,65,5],[66,1,66,3],[66,4,66,5],[67,0,67,3],[67,4,67,5],[68,0,68,6],[69,0,69,1],[69,3,69,4],[69,5,69,6]]}
[]
["单位工程招标控制价汇总表"]
["工程名称：省公安厅及市公安局水警训练基地附属停车场-自来水工程-劳务",null,"标段：",null,null,"第 1 页  共 2 页"]
["序号","汇总内容",null,null,"金额:(元)",null,"其中：暂估价(元)"]
["一","分部分项工程量清单计价合计",null,null,40424.45]
["1.1","其中：定额人工费",null,null,7488.02]
["1.2","其中：定额机械费",null,null,1186.57]
["二","单价措施项目清单计价合计"]
["2.1","其中：定额人工费"]
["2.2","其中：定额机械费"]
["三","总价措施项目清单计价合计",null,null,289.42]
["3.1","安全文明施工措施费"]
["3.1.1","安全文明环保费"]
["3.1.2","临时设施费"]
["3.2","其他总价措施费",null,null,289.42]
["3.3","七项组织措施费-园林"]
["3.4","扬尘治理措施费"]
["四","其他项目清单计价合计",{"$nulls":4},"－"]
["五","规费",{"$nulls":4},"－"]
["5.1","市政建筑工程规费"]
["5.1.1","社会保险费",{"$nulls":4},"－"]
["5.1.2","住房公积金",{"$nulls":4},"－"]
["5.1.3","工程排污费",{"$nulls":4},"－"]
["5.2","安装工程规费"]
["5.2.1","社会保险费",{"$nulls":4},"－"]
["5.2.2","住房公积金",{"$nulls":4},"－"]
["5.2.3","工程排污费",{"$nulls":4},"－"]
["5.3","市政工程机械大型土石方工程规费"]
["5.3.1","社会保险费",{"$nulls":4},"－"]
["5.3.2","住房公积金",{"$nulls":4},"－"]
["5.3.3","工程排污费",{"$nulls":4},"－"]
["5.4","园林工程规费"]
["5.4.1","养老保险费",{"$nulls":4},"－"]
["注：本表适用于单位工程招标控制价或投标报价的汇总，如无单位工程划分，单项工程也使用本表汇总"]
[{"$nulls":5},"表—04"]
[]
["单位工程招标控制价汇总表"]
["工程名称：省公安厅及市公安局水警训练基地附属停车场-自来水工程-劳务",null,"标段：",null,null,"第 2 页  共 2 页"]
["序号","汇总内容",null,null,"金额:(元)",null,"其中：暂估价(元)"]
["5.4.2","失业保险费",{"$nulls":4},"－"]
["5.4.3","医疗保险费",{"$nulls":4},"－"]
["5.4.4","住房公积金"]
["5.4.5","危险作业意外伤害保险费",{"$nulls":4},"－"]
["六","税金",null,null,1221.42,null,"－"]
["八","工程总造价",null,null,41935.29]
{"$rows_empty":22}
["招标控制价合计",{"$nulls":3},41935.29,null,"0.00"]
["注：本表适用于单位工程招标控制价或投标报价的汇总，如无单位工程划分，单项工程也使用本表汇总"]
[{"$nulls":5},"表—04"]

{"sheet":"表-08 分部分项工程和单价措施项目清单与计价表","index":1,"n_rows":61,"n_cols":11,"rows_kept":61,"merged":[[0,0,0,10],[1,0,1,5],[1,6,1,8],[1,9,1,10],[2,0,3,0],[2,1,3,1],[2,2,3,2],[2,3,3,3],[2,4,3,4],[2,5,3,6],[2,7,2,10],[3,7,3,7],[3,8,3,9],[4,5,4,6],[4,8,4,9],[5,5,5,6],[5,8,5,9],[6,5,6,6],[6,8,6,9],[7,5,7,6],[7,8,7,9],[8,5,8,6],[8,8,8,9],[9,5,9,6],[9,8,9,9],[10,5,10,6],[10,8,10,9],[11,5,11,6],[11,8,11,9],[12,5,12,6],[12,8,12,9],[13,5,13,6],[13,8,13,9],[14,5,14,6],[14,8,14,9],[15,0,15,7],[15,8,15,9],[16,0,16,10],[17,0,17,5],[17,6,17,8],[17,9,17,10],[18,0,18,10],[19,0,19,5],[19,6,19,8],[19,9,19,10],[20,0,21,0],[20,1,21,1],[20,2,21,2],[20,3,21,3],[20,4,21,4],[20,5,21,6],[20,7,20,10],[21,7,21,7],[21,8,21,9],[22,5,22,6],[22,8,22,9],[23,5,23,6],[23,8,23,9],[24,5,24,6],[24,8,24,9],[25,5,25,6],[25,8,25,9],[26,5,26,6],[26,8,26,9],[27,5,27,6],[27,8,27,9],[28,5,28,6],[28,8,28,9],[29,5,29,6],[29,8,29,9],[30,0,30,7],[30,8,30,9],[31,0,31,10],[32,0,32,5],[32,6,32,8],[32,9,32,10],[33,0,33,10],[34,0,34,5],[34,6,34,8],[34,9,34,10],[35,0,36,0],[35,1,36,1],[35,2,36,2],[35,3,36,3],[35,4,36,4],[35,5,36,6],[35,7,35,10],[36,7,36,7],[36,8,36,9],[37,5,37,6],[37,8,37,9],[38,5,38,6],[38,8,38,9],[39,5,39,6],[39,8,39,9],[40,5,40,6],[40,8,40,9],[41,5,41,6],[41,8,41,9],[42,5,42,6],[42,8,42,9],[43,5,43,6],[43,8,43,9],[44,5,44,6],[44,8,44,9],[45,5,45,6],[45,8,45,9],[46,5,46,6],[46,8,46,9],[47,5,47,6],[47,8,47,9],[48,5,48,6],[48,8,48,9],[49,5,49,6],[49,8,49,9],[50,5,50,6],[50,8,50,9],[51,5,51,6],[51,8,51,9],[52,5,52,6],[52,8,52,9],[53,5,53,6],[53,8,53,9],[54,5,54,6],[54,8,54,9],[55,5,55,6],[55,8,55,9],[56,5,56,6],[56,8,56,9],[57,0,57,7],[57,8,57,9],[58,0,58,7],[58,8,58,9],[59,0,59,10],[60,0,60,5],[60,6,60,8],[60,9,60,10]]}
["分部分项工程和单价措施项目清单与计价表"]
["工程名称：省公安厅及市公安局水警训练基地附属停车场-自来水工程-劳务",{"$nulls":5},"标段：",null,null,"第 1 页  共 3 页"]
["序号","项目编码","项目名称","项目特征描述","计量单位","工程量",null,"金额（元）"]
[{"$nulls":7},"综合单价","综合合价",null,"其中：暂估价"]
[null,null,"整个项目",{"$nulls":5},40424.45]
[1,"040501004001","塑料管","进水管\n1.室外塑料给水管(热熔连接) DN32；\n2.规格型号：PPR管材；\n3.室外塑料给水管热熔管件","m",933.067,null,16.47,15367.61]
[2,"040502009001","水表","1.螺纹水表组成安装 公称直径(mm以内) 32","个",2,null,364.18,728.36]
[3,"040101002004","挖沟槽土方","1.土壤类别:三类土\n2.挖土深度:平均深度2米内\n3.反铲挖掘机(斗容量1.0m3)装车 三类土，人机配合开挖","m3",93.299,null,10.02,934.86]
[4,"040103001002","回填方","1、填方材料品种：中粗砂\n2、密实度：符合设计图纸及规范要求","m3",39.607,null,194.13,7688.91]
[5,"040103002001","余方弃置","1.废弃料品种:余土\n2.运距:1km","m3",93.299,null,7.98,744.53]
[6,"040303001001","管道混凝土垫层","1.名称:砼垫层\n2.规格:C15","m3",16.856,null,428.92,7229.88]
[7,"041102001002","管道混凝土垫层模板","1.名称:现浇混凝土模板工程 混凝土基础垫层 木模","m2",67.424,null,32.09,2163.64]
[8,"041001001003","拆除路面（沥青路面拆除）","1.材质:现状沥青硬化拆除\n2.厚度:40cm厚度计算","m3",3.632,null,1.66,6.03]
[9,"040101001001","挖渣装车（沥青路面拆除）","1.机械挖渣装车","m3",3.632,null,7.74,28.11]
[10,"040103002002","余方弃置（沥青路面拆除）","1.废弃料品种:废渣\n2.运距:1KM","m3",3.632,null,11.29,41.01]
["本页小计",{"$nulls":7},34932.94]
["注：为计取规费等的使用，可在表中增设其中：“定额人工费”。"]
[{"$nulls":9},"表—08"]
["分部分项工程和单价措施项目清单与计价表"]
["工程名称：省公安厅及市公安局水警训练基地附属停车场-自来水工程-劳务",{"$nulls":5},"标段：",null,null,"第 2 页  共 3 页"]
["序号","项目编码","项目名称","项目特征描述","计量单位","工程量",null,"金额（元）"]
[{"$nulls":7},"综合单价","综合合价",null,"其中：暂估价"]
[11,"040103002003","余方弃置（沥青路面拆除）","1.废弃料品种:废渣\n2.运距:每增运1km","m3",32.688,null,2.25,73.55]
[12,"040203006002","沥青混凝土","1.沥青品种:SBS改性石油沥青\n2.沥青混凝土种类:细粒式（AC-13）商品改性沥青混凝土\n3.厚度:4cm\n4.其他参数要求详见设计说明\n5.沥青运距15km","m2",9.079,null,42.77,388.31]
[13,"040203006003","沥青混凝土","1.沥青品种:AH-70道路石油沥青\n2.沥青混凝土种类:中粒式（AC-20）商品改性沥青混凝土\n3.厚度:6cm\n4.其他参数要求详见设计说明\n5.沥青运距15km","m2",9.079,null,52.28,474.65]
[14,"040202001001","路床(槽）整形","1.部位:路床\n2.范围:机动车道","m2",9.079,null,1.71,15.53]
[15,"040202011001","碎石","1.石料规格:级配碎石\n2.厚度:15cm","m2",9.079,null,36.62,332.47]
[16,"040202015001","水泥稳定碎(砾）石","1.水泥含量:5%\n2.石料规格:详见设计说明\n3.厚度:15cm","m2",9.079,null,34.92,317.04]
[17,"040202015002","水泥稳定碎(砾）石","水稳洒水养护","m2",9.079,null,0.89,8.08]
[18,"040202015003","水泥稳定碎(砾）石","水稳场内运输200米","m3",1.362,null,31.2,42.49]
["本页小计",{"$nulls":7},1652.12]
["注：为计取规费等的使用，可在表中增设其中：“定额人工费”。"]
[{"$nulls":9},"表—08"]
["分部分项工程和单价措施项目清单与计价表"]
["工程名称：省公安厅及市公安局水警训练基地附属停车场-自来水工程-劳务",{"$nulls":5},"标段：",null,null,"第 3 页  共 3 页"]
["序号","项目编码","项目名称","项目特征描述","计量单位","工程量",null,"金额（元）"]
[{"$nulls":7},"综合单价","综合合价",null,"其中：暂估价"]
[19,"040203003001","粘层","1.材料品种:PC-3中裂乳化沥青\n2.喷油量:0.3~0.5KG/m2","m2",9.079,null,1.27,11.53]
[20,"040203003002","透层","1.材料品种:PC-2乳化沥青\n2.喷油量:0.7~1.5KG/m2","m2",9.079,null,3.33,30.23]
[21,"040203004001","封层","1.材料品种:乳化沥青\n2.喷油量:1KG/m2\n3.厚度:1cm","m2",9.079,null,4.31,39.13]
[22,"050101006001","清除草皮","1.清除草皮","m2",147.682,null,1.44,212.66]
[23,"050102012001","铺种草皮","1.草皮铺种,满铺","m2",147.682,null,24.01,3545.84]
[null,null,"分部分项合计",{"$nulls":5},40424.45]
[null,null,"措施项目"]
[null,null,"单价措施合计"]
{"$rows_empty":12}
["本页小计",{"$nulls":7},3839.39]
["合   计",{"$nulls":7},40424.45]
["注：为计取规费等的使用，可在表中增设其中：“定额人工费”。"]
[{"$nulls":9},"表—08"]

{"sheet":"表-05 主要材料及价差汇总表","index":2,"n_rows":36,"n_cols":11,"rows_kept":36,"merged":[[0,0,0,10],[1,0,1,10],[2,0,2,2],[2,3,2,6],[2,7,2,10],[3,2,3,3],[3,6,3,7],[4,2,4,3],[4,6,4,7],[5,2,5,3],[5,6,5,7],[6,2,6,3],[6,6,6,7],[7,2,7,3],[7,6,7,7],[8,2,8,3],[8,6,8,7],[9,2,9,3],[9,6,9,7],[10,2,10,3],[10,6,10,7],[11,2,11,3],[11,6,11,7],[12,2,12,3],[12,6,12,7],[13,2,13,3],[13,6,13,7],[14,2,14,3],[14,6,14,7],[15,2,15,3],[15,6,15,7],[16,2,16,3],[16,6,16,7],[17,2,17,3],[17,6,17,7],[18,2,18,3],[18,6,18,7],[19,2,19,3],[19,6,19,7],[20,2,20,3],[20,6,20,7],[21,2,21,3],[21,6,21,7],[22,2,22,3],[22,6,22,7],[23,2,23,3],[23,6,23,7],[24,2,24,3],[24,6,24,7],[25,2,25,3],[25,6,25,7],[26,2,26,3],[26,6,26,7],[27,2,27,3],[27,6,27,7],[28,2,28,3],[28,6,28,7],[29,2,29,3],[29,6,29,7],[30,2,30,3],[30,6,30,7],[31,2,31,3],[31,6,31,7],[32,2,32,3],[32,6,32,7],[33,2,33,3],[33,6,33,7],[34,2,34,3],[34,6,34,7],[35,2,35,3],[35,6,35,7]]}
[]
["主要材料及价差汇总表"]
["工程名称：省公安厅及市公安局水警训练基地附属停车场-自来水工程-劳务",null,null,"标段：",{"$nulls":3},"第  1  页  共  1  页"]
["序\n号","定额编号","名称",null,"单位","数量","定额价",null,"市场价","价格差","合价"]
[1,"0000010","综合工日 ",null,"工日",29.979,23.5,null,64,40.5,1214.17]
[2,"00010104","综合工日 ",null,"工日",79.8,85,null,100,15,1196.99]
[3,"01290207","热轧厚钢板 δ8.0～15 ",null,"kg",3.452,3.32,null,4.19,0.87,3]
[4,"01290223","热轧厚钢板 δ12～20 ",null,"kg",0.34,2.75,null,4.19,1.44,0.49]
[5,"04010155","水泥 P.O 42.5 ",null,"t",0.154,304.3,null,0.51,-303.79,-46.92]
[6,"04030143","砂子(中粗砂) ",null,"m3",50.697,63.08,null,141.73,78.65,3987.32]
[7,"04050173","碎石(综合) ",null,"m3",0.47,92.2,null,152.41,60.21,28.29]
[8,"04050173@1","碎石(综合) 路面，级配",null,"m3",2.408,92.2,null,152.41,60.21,144.97]
[9,"04070121","石屑 ",null,"m3",1.048,67.93,null,97.08,29.15,30.54]
[10,"13310136","乳化沥青 ",null,"kg",22.08,2.23,null,2.93,0.7,15.46]
[11,"14030106","柴油 ",null,"kg",0.908,5.53,null,7.92,2.39,2.17]
[12,"17010181","焊接钢管 DN20 ",null,"m",1.493,4.94,null,5.91,0.97,1.45]
[13,"19000321","螺纹阀门 DN15 ",null,"个",0.048,26.96,null,14.65,-12.31,-0.59]
[14,"19000326","螺纹阀门 DN20 ",null,"个",0.467,30.14,null,16.85,-13.29,-6.2]
[15,"34110103","电 ",null,"kW·h",75.863,0.87,null,0.9,0.03,2.28]
[16,"34110117","水 ",null,"m3",26.894,3.27,null,4.32,1.05,28.24]
[17,"35010116","木模板 ",null,"m3",0.658,1028.63,null,1253.22,224.59,147.79]
[18,"80250103@2","细粒式改性沥青混凝土 改性",null,"m3",0.367,906.1,null,922.39,16.29,5.98]
[19,"80250111@1","中粒式沥青混凝土 ",null,"m3",0.55,778.78,null,771.62,-7.16,-3.94]
[20,"80210555","预拌混凝土 C15 ",null,"m3",17.025,264,null,368.9,104.9,1785.88]
[21,"CY","柴油 ",null,"kg",13.362,5.53,null,7.58,2.05,27.39]
[22,"CY@1","柴油 ",null,"kg",52.951,5.53,null,7.58,2.05,108.55]
[23,"CY@2","柴油 ",null,"kg",5.13,5.53,null,7.58,2.05,10.52]
[24,"DIAN","电 ",null,"kW·h",6.19,0.87,null,0.9,0.03,0.19]
[25,"DIAN@1","电 ",null,"kW·h",37.241,0.87,null,0.9,0.03,1.12]
[26,"QY@1","汽油 ",null,"kg",1.417,6.46,null,9.48,3.02,4.28]
[27,"QY@2","汽油 ",null,"kg",0.116,6.46,null,9.48,3.02,0.35]
[28,"RG","人工 ",null,"工日",2.994,85,null,100,15,44.91]
[]
[]
[]
[null,null,"合 计",{"$nulls":7},8734.68]

{"sheet":"表-11 总价措施项目清单与计价表","index":3,"n_rows":36,"n_cols":11,"rows_kept":36,"merged":[[0,0,0,10],[1,0,1,3],[1,4,1,7],[1,8,1,10],[2,3,2,4],[2,7,2,8],[3,3,3,4],[3,7,3,8],[4,3,4,4],[4,7,4,8],[5,3,5,4],[5,7,5,8],[6,3,6,4],[6,7,6,8],[7,3,7,4],[7,7,7,8],[8,3,8,4],[8,7,8,8],[9,3,9,4],[9,7,9,8],[10,3,10,4],[10,7,10,8],[11,3,11,4],[11,7,11,8],[12,3,12,4],[12,7,12,8],[13,3,13,4],[13,7,13,8],[14,3,14,4],[14,7,14,8],[15,3,15,4],[15,7,15,8],[16,3,16,4],[16,7,16,8],[17,3,17,4],[17,7,17,8],[18,3,18,4],[18,7,18,8],[19,3,19,4],[19,7,19,8],[20,3,20,4],[20,7,20,8],[21,3,21,4],[21,7,21,8],[22,3,22,4],[22,7,22,8],[23,3,23,4],[23,7,23,8],[24,3,24,4],[24,7,24,8],[25,3,25,4],[25,7,25,8],[26,3,26,4],[26,7,26,8],[27,3,27,4],[27,7,27,8],[28,3,28,4],[28,7,28,8],[29,3,29,4],[29,7,29,8],[30,3,30,4],[30,7,30,8],[31,3,31,4],[31,7,31,8],[32,3,32,4],[32,7,32,8],[33,3,33,4],[33,7,33,8],[34,3,34,4],[34,7,34,8],[35,0,35,5],[35,7,35,8]]}
["总价措施项目清单与计价表"]
["工程名称：省公安厅及市公安局水警训练基地附属停车场-自来水工程-劳务",{"$nulls":3},"标段：",{"$nulls":3},"第 1 页  共 1 页"]
["序号","项目编码","项目名称","计算基础",null,"费率\n(%)","金额\n(元)","调整\n费率\n(%)",null,"调整后\n金额(元)","备注"]
[1,"1","安全文明施工措施费"]
[2,"1.1","安全文明环保费(环境保护、文明施工、安全施工费)"]
[3,"1.2","临时设施费"]
[4,"2","其他总价措施费",{"$nulls":3},289.42]
[5,"3","扬尘治理措施费"]
[6,"4","七项组织措施费"]
{"$rows_empty":26}
["合    计",{"$nulls":5},289.42]

{"sheet":"表-13 规费、税金项目清单与计价表","index":4,"n_rows":36,"n_cols":8,"rows_kept":36,"merged":[[0,0,0,7],[1,0,1,2],[1,3,1,4],[1,5,1,7],[2,2,2,3],[2,4,2,5],[3,2,3,3],[3,4,3,5],[4,2,4,3],[4,4,4,5],[5,2,5,3],[5,4,5,5],[6,2,6,3],[6,4,6,5],[7,2,7,3],[7,4,7,5],[8,2,8,3],[8,4,8,5],[9,2,9,3],[9,4,9,5],[10,2,10,3],[10,4,10,5],[11,2,11,3],[11,4,11,5],[12,2,12,3],[12,4,12,5],[13,2,13,3],[13,4,13,5],[14,2,14,3],[14,4,14,5],[15,2,15,3],[15,4,15,5],[16,2,16,3],[16,4,16,5],[17,2,17,3],[17,4,17,5],[18,2,18,3],[18,4,18,5],[19,2,19,3],[19,4,19,5],[20,2,20,3],[20,4,20,5],[21,2,21,3],[21,4,21,5],[22,2,22,3],[22,4,22,5],[23,2,23,3],[23,4,23,5],[24,2,24,3],[24,4,24,5],[25,2,25,3],[25,4,25,5],[26,2,26,3],[26,4,26,5],[27,2,27,3],[27,4,27,5],[28,2,28,3],[28,4,28,5],[29,2,29,3],[29,4,29,5],[30,2,30,3],[30,4,30,5],[31,2,31,3],[31,4,31,5],[32,2,32,3],[32,4,32,5],[33,2,33,3],[33,4,33,5],[34,2,34,3],[34,4,34,5],[35,0,35,2],[35,3,35,4],[35,5,35,7]]}
["规费、税金项目清单与计价表"]
["工程名称：省公安厅及市公安局水警训练基地附属停车场-自来水工程-劳务",null,null,"标段：",null,"第 1 页  共 1 页"]
["序号","项目名称","计算基础",null,"计算基数",null,"计算费率(%)","金额(元)"]
["1","规费"]
["1.1","社会保险费","定额人工费+定额机械费"]
["1.2","住房公积金","定额人工费+定额机械费"]
["1.3","工程排污费","定额人工费+定额机械费"]
["1.4","养老保险费","定额人工费"]
["1.5","失业保险费","定额人工费"]
["1.6","医疗保险费","定额人工费"]
["1.7","住房公积金","定额人工费"]
["1.8","危险作业意外伤害保险费","定额人工费"]
["2","税金","分部分项+措施项目+其他项目+规费",null,40713.87,null,"3",1221.42]
{"$rows_empty":22}
[{"$nulls":5},"表—13"]